[Event "ODEM U25B 2012"]
[Site "Oberhof GER"]
[Date "2012.05.28"]
[Round "3"]
[White "Friedrich, Robert"]
[Black "Pappert, Florian"]
[Result "0-1"]
[Termination "normal"]
[Board "5"]
[WhiteElo "1350"]
[BlackElo "1461"]
[PlyCount "82"]
[WhiteFideId "1271541"]
[EventCountry "GER"]
[EventRounds "9"]
[EventType "swiss"]
[EventDate "2012.05.26"]

1. e4 e5 2. Nf3 Nf6 3. Nc3 Bb4 4. Bc4 Nc6 5. d3 d6 6. Bd2 a6 7. Nd5 Bxd2+ 8.
Qxd2 O-O 9. O-O Be6 10. Ne3 d5 11. exd5 Bxd5 12. Rfe1 Bxf3 13. gxf3 e4 14. fxe4
Nxe4 15. Qe2 Qg5+ 16. Qg4 Qxg4+ 17. Nxg4 Ng5 18. Kg2 Rfe8 19. Ne3 Ne6 20. Nd5
Rac8 21. c3 Na5 22. Ne3 Nxc4 23. dxc4 Rcd8 24. Rad1 c6 25. Nf5 g6 26. Ne3 Kf8
27. Ng4 Ke7 28. Rd4 f5 29. Rxd8 Rxd8 30. Ne3 Rd2 31. Rb1 Nf4+ 32. Kf1 Nd3 33.
Nd1 Kd6 34. a3 f4 35. b4 f3 36. c5+ Ke6 37. a4 Re2 38. Ne3 Rxf2+ 39. Kg1 Re2
40. Nf1 Rg2+ 41. Kh1 Nf2# 0-1

[Event "ODEM U25B 2012"]
[Site "Oberhof GER"]
[Date "2012.05.28"]
[Round "3"]
[White "Thumm, Niklas"]
[Black "Gast, Benedikt"]
[Result "1/2-1/2"]
[Termination "normal"]
[Board "6"]
[WhiteElo "1183"]
[BlackElo "1860"]
[PlyCount "69"]
[WhiteFideId "12918733"]
[BlackFideId "12937967"]
[EventCountry "GER"]
[EventRounds "9"]
[EventType "swiss"]
[EventDate "2012.05.26"]

1. e4 e5 2. Nf3 Nc6 3. Bc4 Be7 4. d4 exd4 5. Nxd4 d6 6. Nc3 Nf6 7. Bf4 O-O 8.
Nxc6 bxc6 9. Qf3 Rb8 10. Bb3 Re8 11. h3 Nd7 12. O-O Nc5 13. Rfd1 Bd7 14. e5 d5
15. Rd2 Bg5 16. Qe3 Ne6 17. Bxg5 Qxg5 18. Qxg5 Nxg5 19. f4 Ne6 20. Rf1 Nc5 21.
Rf3 Bf5 22. g4 Be4 23. Nxe4 Nxe4 24. Re2 Red8 25. f5 Nc5 26. Rc3 Nxb3 27. axb3
Rb6 28. Kf2 Kf8 29. e6 fxe6 30. fxe6 Ke7 31. Rf3 Rf8 32. Rxf8 Kxf8 33. e7+ Ke8
34. Re6 c5 35. Re5 1/2-1/2

[Event "ODEM U25B 2012"]
[Site "Oberhof GER"]
[Date "2012.05.28"]
[Round "3"]
[White "Schmidt, Daniel"]
[Black "Moos, Daniel"]
[Result "1/2-1/2"]
[Termination "normal"]
[Board "7"]
[WhiteElo "1419"]
[BlackElo "1173"]
[PlyCount "95"]
[WhiteFideId "12957950"]
[EventCountry "GER"]
[EventRounds "9"]
[EventType "swiss"]
[EventDate "2012.05.26"]

1. c4 Nf6 2. Nc3 e6 3. d4 d5 4. e3 Be7 5. Nf3 O-O 6. b3 b6 7. Bd3 Bb7 8. O-O
Nbd7 9. Bb2 c5 10. Rc1 Rc8 11. Re1 Re8 12. Nd2 Nb8 13. Ne2 Nc6 14. Nf1 Nb4 15.
Bb1 dxc4 16. bxc4 Qd7 17. a3 Na6 18. Qb3 Qc6 19. f3 Nc7 20. Nfg3 Ba8 21. Red1
Qd7 22. dxc5 Qc6 23. cxb6 Qxb6 24. Qxb6 axb6 25. Rd3 Red8 26. Rcd1 Rxd3 27.
Rxd3 Kf8 28. Rb3 Bc5 29. Bd4 h6 30. Bxc5+ bxc5 31. Bc2 Nd7 32. Be4 Ne8 33. Bxa8
Rxa8 34. Ne4 Ra4 35. Nd2 Nd6 36. Nc3 Ra6 37. Nb5 Ke7 38. Rd3 Ne5 39. Rxd6 Rxd6
40. Nxd6 Kxd6 41. a4 Kc6 42. a5 Kb7 43. f4 Nc6 44. Nb3 Ka6 45. Nxc5+ Kxa5 46.
Nb7+ Kb4 47. Nd6 Nd8 48. Kf2 1/2-1/2

[Event "ODEM U25B 2012"]
[Site "Oberhof GER"]
[Date "2012.05.28"]
[Round "3"]
[White "Pixa, Ulrich"]
[Black "Schramm, Anna-Lena"]
[Result "1-0"]
[Termination "normal"]
[Board "8"]
[WhiteElo "1501"]
[BlackElo "1359"]
[PlyCount "77"]
[WhiteFideId "4697723"]
[BlackFideId "12918237"]
[EventCountry "GER"]
[EventRounds "9"]
[EventType "swiss"]
[EventDate "2012.05.26"]

1. e4 e5 2. Nf3 Nc6 3. Bc4 Nf6 4. Nc3 Nxe4 5. Bxf7+ Kxf7 6. Nxe4 Be7 7. O-O d5
8. Nc3 Bg4 9. Ng5+ Bxg5 10. Qxg4 Rf8 11. d3 Bxc1 12. Raxc1 Kg8 13. Qe6+ Kh8 14.
Qxd5 Qg5 15. Ne4 Qh5 16. Ng3 Qg4 17. a3 Rad8 18. Qb3 Na5 19. Qb5 b6 20. b4 a6
21. Qxa6 Nc6 22. Qc4 Qg6 23. Rfe1 Rf7 24. b5 Na5 25. Qe4 Re8 26. Re2 Qg5 27.
Qe3 Qe7 28. Ra1 Qd7 29. a4 Qd6 30. Ne4 Qb4 31. Qd2 Qb2 32. Qc3 Qxc3 33. Nxc3
Nb7 34. d4 Rfe7 35. Rae1 Nd8 36. Rxe5 Rxe5 37. Rxe5 Rxe5 38. dxe5 Kg8 39. f4
1-0

[Event "ODEM U25B 2012"]
[Site "Oberhof GER"]
[Date "2012.05.28"]
[Round "3"]
[White "Riedel, Erich"]
[Black "Petersen, Marcel"]
[Result "0-1"]
[Termination "normal"]
[Board "9"]
[WhiteElo "1276"]
[BlackElo "1582"]
[PlyCount "52"]
[WhiteFideId "12958646"]
[BlackFideId "12935670"]
[EventCountry "GER"]
[EventRounds "9"]
[EventType "swiss"]
[EventDate "2012.05.26"]

1. e4 e5 2. Nf3 Nc6 3. Bc4 Bc5 4. c3 Nf6 5. d3 h6 6. h3 O-O 7. O-O d5 8. exd5
Nxd5 9. Re1 Re8 10. b4 Bb6 11. Qb3 Be6 12. Nxe5 Bxf2+ 13. Kxf2 Nxe5 14. Qd1
Qh4+ 15. g3 Qf6+ 16. Kg2 Nxc4 17. dxc4 Nxc3 18. Nxc3 Qxc3 19. Bd2 Qxc4 20. a3
Rad8 21. Kh2 Qd3 22. Bf4 Qc3 23. Qb1 Bd5 24. Rd1 Re2+ 25. Kg1 Rg2+ 26. Kf1 Qf3+
0-1

[Event "ODEM U25B 2012"]
[Site "Oberhof GER"]
[Date "2012.05.28"]
[Round "3"]
[White "Denkert, Robert"]
[Black "Bossert, Felix"]
[Result "1/2-1/2"]
[Termination "normal"]
[Board "10"]
[WhiteElo "1491"]
[BlackElo "1284"]
[PlyCount "97"]
[WhiteFideId "12957216"]
[BlackFideId "12960977"]
[EventCountry "GER"]
[EventRounds "9"]
[EventType "swiss"]
[EventDate "2012.05.26"]

1. e4 c5 2. Nc3 d6 3. f4 Nf6 4. Nf3 Nc6 5. g3 g6 6. Bg2 Bg7 7. d3 Qb6 8. O-O
Ng4 9. Nd5 Qd8 10. c3 e6 11. Ne3 Nxe3 12. Bxe3 O-O 13. Qd2 b6 14. e5 Rb8 15.
Rae1 dxe5 16. fxe5 Nxe5 17. Nxe5 Bxe5 18. Bg5 f6 19. Rxe5 fxg5 20. Rxg5 Rxf1+
21. Kxf1 Bb7 22. Rg4 Bxg2+ 23. Kxg2 Qd5+ 24. Kg1 Rd8 25. Ra4 Qxd3 26. Qxd3 Rxd3
27. Rxa7 Rd1+ 28. Kg2 Rd2+ 29. Kh3 Rxb2 30. Re7 Rxa2 31. Rxe6 Rc2 32. Rxb6 Rxc3
33. Rb7 c4 34. Rc7 Rc2 35. g4 Rc3+ 36. Kg2 Rc2+ 37. Kh3 c3 38. Kh4 Rxh2+ 39.
Kg5 c2 40. Kf6 Rf2+ 41. Kg5 Rf7 42. Rxc2 Kg7 43. Rh2 Rc7 44. Rd2 h6+ 45. Kh4
Re7 46. Rd1 h5 47. gxh5 Re4+ 48. Kg3 g5 49. Rh1 1/2-1/2

[Event "ODEM U25B 2012"]
[Site "Oberhof GER"]
[Date "2012.05.28"]
[Round "3"]
[White "Zebandt, Manuel"]
[Black "Wheeler, Sebastian"]
[Result "0-1"]
[Termination "normal"]
[Board "11"]
[WhiteElo "985"]
[BlackElo "1658"]
[PlyCount "116"]
[BlackFideId "12923060"]
[EventCountry "GER"]
[EventRounds "9"]
[EventType "swiss"]
[EventDate "2012.05.26"]

1. e4 e5 2. f4 exf4 3. Nf3 Nc6 4. Bc4 Bc5 5. d4 Bb6 6. Bxf4 d6 7. Bb5 Bd7 8.
Bc4 h6 9. O-O Qf6 10. e5 Qxf4 11. exd6 Qxd6 12. Re1+ Nge7 13. Nc3 Bxd4+ 14.
Nxd4 Qxd4+ 15. Qxd4 Nxd4 16. Nd5 Ne6 17. Nb4 O-O 18. Rad1 Rfd8 19. Rd2 Bc6 20.
Rde2 Rd4 21. b3 Rad8 22. Nd3 Ng6 23. Bxe6 fxe6 24. Rxe6 R4d6 25. Nc5 Rxe6 26.
Nxe6 Re8 27. Kf1 Nf8 28. Nxc7 Rxe1+ 29. Kxe1 Kf7 30. b4 a6 31. Na8 Nd7 32. c4
Bxg2 33. b5 axb5 34. cxb5 Ke7 35. Kf2 Bd5 36. a4 Kd6 37. a5 b6 38. Nxb6 Nxb6
39. axb6 Kc5 40. Ke3 Kxb6 41. Kf4 Kxb5 42. Kf5 Bf7 43. h4 Kc5 44. Kg4 Kd4 45.
h5 Ke4 46. Kh4 Kf4 47. Kh3 Bxh5 48. Kh4 g6 49. Kh3 Bg4+ 50. Kg2 h5 51. Kf2 Bf3
52. Kf1 h4 53. Kg1 g5 54. Kf2 g4 55. Kg1 g3 56. Kf1 h3 57. Kg1 h2+ 58. Kf1
h1=Q# 0-1

[Event "ODEM U25B 2012"]
[Site "Oberhof GER"]
[Date "2012.05.28"]
[Round "3"]
[White "Riehle, Fabio"]
[Black "Dresig, Moritz"]
[Result "0-1"]
[Termination "normal"]
[Board "13"]
[WhiteElo "1129"]
[BlackElo "1711"]
[PlyCount "94"]
[WhiteFideId "36052140"]
[BlackFideId "1270307"]
[EventCountry "GER"]
[EventRounds "9"]
[EventType "swiss"]
[EventDate "2012.05.26"]

1. e4 d6 2. Bc4 Nf6 3. d3 g6 4. f4 Bg7 5. Nc3 Nbd7 6. a3 O-O 7. Nf3 c5 8. O-O
a6 9. Qe1 b5 10. Ba2 e6 11. Ng5 Nb6 12. Qh4 h6 13. Nf3 d5 14. e5 Nfd7 15. Qxd8
Rxd8 16. d4 Bf8 17. Nh4 cxd4 18. f5 dxc3 19. fxe6 fxe6 20. Nxg6 Bc5+ 21. Kh1
Kh7 22. Ne7 Bxe7 23. Rf7+ Kg6 24. Rxe7 Nxe5 25. bxc3 Bd7 26. Bf4 Nc6 27. Rxd7
Rxd7 28. Rf1 Rf7 29. c4 Nxc4 30. Bxc4 bxc4 31. c3 e5 32. a4 Rxf4 33. Rxf4 exf4
34. a5 Rb8 35. h3 Rb3 36. g3 Rxc3 37. h4 Rc1+ 38. Kh2 c3 39. h5+ Kxh5 40. gxf4
Kg4 41. Kg2 Rc2+ 42. Kf1 h5 43. Kg1 h4 44. Kh1 h3 45. Kg1 Kg3 46. Kf1 Nd4 47.
Kg1 Rc1# 0-1

[Event "ODEM U25B 2012"]
[Site "Oberhof GER"]
[Date "2012.05.28"]
[Round "3"]
[White "Bachmann, Jonas"]
[Black "Häusler, Luis"]
[Result "1-0"]
[Termination "normal"]
[Board "14"]
[WhiteElo "1426"]
[BlackElo "1124"]
[PlyCount "73"]
[WhiteFideId "12922919"]
[BlackFideId "12942928"]
[EventCountry "GER"]
[EventRounds "9"]
[EventType "swiss"]
[EventDate "2012.05.26"]

1. e4 c5 2. Nf3 d6 3. d4 cxd4 4. Nxd4 Nf6 5. Nc3 g6 6. Be3 Bg7 7. f3 O-O 8. Qd2
Nc6 9. O-O-O Bd7 10. g4 Rc8 11. h4 Ne5 12. Kb1 Nc4 13. Bxc4 Rxc4 14. h5 Qc7 15.
Nb3 Rc8 16. Rh2 b5 17. Rc1 a5 18. Nd5 Nxd5 19. exd5 b4 20. Bh6 Be5 21. Rhh1 a4
22. Na1 e6 23. dxe6 Bxe6 24. b3 Rd4 25. Qe3 Qa5 26. Rhd1 Rxd1 27. Rxd1 axb3 28.
cxb3 Qa3 29. Qd2 Bc3 30. Qe2 d5 31. Rc1 d4 32. Rc2 Rd8 33. Qe5 d3 34. Rxc3 f6
35. Qxe6+ Kh8 36. Qxf6+ Kg8 37. Qg7# 1-0

[Event "ODEM U25B 2012"]
[Site "Oberhof GER"]
[Date "2012.05.28"]
[Round "3"]
[White "Karge, Ole Jannes"]
[Black "Hoppe, Michael"]
[Result "0-1"]
[Termination "normal"]
[Board "15"]
[WhiteElo "1090"]
[BlackElo "1426"]
[PlyCount "70"]
[WhiteFideId "12957267"]
[BlackFideId "12928747"]
[EventCountry "GER"]
[EventRounds "9"]
[EventType "swiss"]
[EventDate "2012.05.26"]

1. e4 Nc6 2. d4 d5 3. e5 Bf5 4. Bb5 e6 5. Bd2 f6 6. Nf3 a6 7. Bxc6+ bxc6 8.
exf6 gxf6 9. Nh4 Bg6 10. Qe2 Qd7 11. f4 Ne7 12. Nxg6 hxg6 13. Rf1 Rxh2 14. Nc3
Nf5 15. Qd3 Rxg2 16. O-O-O Rg3 17. Rf3 Rxf3 18. Qxf3 Nxd4 19. Qd3 Nf5 20. Re1
Kf7 21. Rh1 Bg7 22. Qe2 Ng3 23. Qe1 Nxh1 24. Qxh1 Rh8 25. Qf1 Qc8 26. Na4 Bf8
27. Bc3 Qb7 28. b3 Ba3+ 29. Bb2 Bxb2+ 30. Nxb2 Qb5 31. c4 Qc5 32. Na4 Qe3+ 33.
Kd1 Rh2 34. Qe1 Qd3+ 35. Kc1 Qc2# 0-1

[Event "ODEM U25B 2012"]
[Site "Oberhof GER"]
[Date "2012.05.28"]
[Round "3"]
[White "Gast, Antonia"]
[Black "Huruglica, Emre"]
[Result "1-0"]
[Termination "normal"]
[Board "16"]
[WhiteElo "1395"]
[BlackElo "1103"]
[PlyCount "93"]
[WhiteFideId "12929336"]
[EventCountry "GER"]
[EventRounds "9"]
[EventType "swiss"]
[EventDate "2012.05.26"]

1. e4 d5 2. exd5 Nf6 3. d4 Nxd5 4. Nf3 Nc6 5. h3 Bf5 6. a3 g6 7. Nbd2 Bg7 8.
Nb3 O-O 9. Be2 e5 10. dxe5 Nxe5 11. Nxe5 Bxe5 12. O-O Nf4 13. Bxf4 Bxf4 14.
Qxd8 Raxd8 15. c3 Rfe8 16. Bf3 c6 17. Rfe1 Rxe1+ 18. Rxe1 Kf8 19. g4 Be6 20.
Nd4 Bc8 21. Rd1 Ke7 22. Re1+ Kf6 23. Kf1 h5 24. a4 Kg5 25. gxh5 Bxh3+ 26. Bg2
Bxg2+ 27. Kxg2 gxh5 28. Rd1 Rg8 29. Kf3 h4 30. Rg1+ Bg3 31. fxg3 h3 32. Rh1 Rh8
33. Ne2 f5 34. Nf4 h2 35. b4 Kf6 36. Nd3 Ke6 37. c4 a6 38. Nc5+ Ke5 39. Nxb7
Kd4 40. Nd6 Rh5 41. Kf4 Kc3 42. b5 cxb5 43. cxb5 axb5 44. axb5 Kb4 45. Nxf5
Kxb5 46. Nh4 Rh8 47. Rxh2 1-0

[Event "ODEM U25B 2012"]
[Site "Oberhof GER"]
[Date "2012.05.28"]
[Round "3"]
[White "Neumann, Tiemon"]
[Black "Vuckovic, Robert"]
[Result "0-1"]
[Termination "normal"]
[Board "17"]
[WhiteElo "1750"]
[BlackElo "1081"]
[PlyCount "108"]
[WhiteFideId "12925462"]
[BlackFideId "12998680"]
[EventCountry "GER"]
[EventRounds "9"]
[EventType "swiss"]
[EventDate "2012.05.26"]

1. e4 e6 2. d4 d5 3. exd5 exd5 4. c4 c6 5. Nc3 Be6 6. Qb3 Nf6 7. cxd5 cxd5 8.
Qxb7 Nbd7 9. Nb5 Rc8 10. Bf4 Bb4+ 11. Kd1 O-O 12. Bc7 Qe7 13. a3 Bg4+ 14. Kc2
Bf5+ 15. Kb3 Ba5 16. Bxa5 Nc5+ 17. dxc5 Qxb7 18. Ka2 Bc2 19. Rc1 Rxc5 20. Ka1
Rb8 21. Bb4 Rc6 22. Nd4 Rcc8 23. Rxc2 Rxc2 24. Nxc2 a5 25. Nf3 axb4 26. Nxb4
Ne4 27. Ba6 Qb6 28. Rc1 Qg6 29. Ne5 Qb6 30. Nf3 g6 31. Ne5 Qxf2 32. Rf1 Qxg2
33. Rxf7 Nc5 34. Rf6 Nxa6 35. Rxa6 d4 36. Nec6 Rf8 37. Ne7+ Kh8 38. Nbd5 Qe2
39. Rc6 d3 40. Rxg6 hxg6 41. Nxg6+ Kg7 42. Nxf8 Kxf8 43. Nc3 d2 44. Nxe2 d1=Q+
45. Ka2 Qxe2 46. h4 Qc4+ 47. Ka1 Qxh4 48. Ka2 Qc4+ 49. Ka1 Ke7 50. Kb1 Kd6 51.
Ka1 Kc5 52. Kb1 Kb5 53. Ka1 Ka4 54. b3+ Kxb3 0-1

[Event "ODEM U25B 2012"]
[Site "Oberhof GER"]
[Date "2012.05.28"]
[Round "3"]
[White "Koll, Linus"]
[Black "Hölzer, Jeanette"]
[Result "0-1"]
[Termination "normal"]
[Board "18"]
[WhiteElo "1052"]
[BlackElo "1376"]
[PlyCount "98"]
[WhiteFideId "12990299"]
[BlackFideId "12917982"]
[EventCountry "GER"]
[EventRounds "9"]
[EventType "swiss"]
[EventDate "2012.05.26"]

1. e4 e5 2. Nf3 Nc6 3. Bc4 Bc5 4. Nc3 d6 5. h3 Be6 6. Bb3 Bxb3 7. axb3 a6 8. d3
Nge7 9. Be3 Ba7 10. Bg5 f6 11. Be3 O-O 12. O-O f5 13. exf5 Nxf5 14. Bg5 Qd7 15.
Nh4 Ng3 16. Qg4 Qxg4 17. hxg4 Nxf1 18. Rxf1 Nb4 19. g3 Nxc2 20. Nd5 Rf7 21. Rc1
Bxf2+ 22. Kg2 Ne1+ 23. Kh3 c6 24. Ne7+ Kf8 25. Nef5 d5 26. Nd6 Rd7 27. Ndf5
Nxd3 28. Rd1 Nc5 29. Rf1 Ne4 30. Be3 Bxe3 31. Nxe3+ Rf7 32. Rxf7+ Kxf7 33. Nef5
g6 34. Ne3 b5 35. Nhg2 d4 36. Nd1 Nd2 37. b4 a5 38. bxa5 Rxa5 39. Ne1 Ra1 40.
Nf3 Nxf3 41. Nf2 Ne1 42. b4 d3 43. Nxd3 Nxd3 44. g5 e4 45. g4 e3 46. Kg2 e2 47.
Kh3 e1=Q 48. Kg2 Qf2+ 49. Kh3 Rh1# 0-1

[Event "ODEM U25B 2012"]
[Site "Oberhof GER"]
[Date "2012.05.28"]
[Round "3"]
[White "Hageresch, Leon"]
[Black "Matuschak, Henry"]
[Result "1-0"]
[Termination "normal"]
[Board "19"]
[WhiteElo "1371"]
[BlackElo "1034"]
[PlyCount "67"]
[WhiteFideId "12933899"]
[EventCountry "GER"]
[EventRounds "9"]
[EventType "swiss"]
[EventDate "2012.05.26"]

1. d4 d5 2. c4 dxc4 3. Nc3 Nf6 4. e3 Nc6 5. Bxc4 e6 6. Nf3 Bb4 7. Bd2 O-O 8. a3
Bxc3 9. Bxc3 a6 10. O-O b5 11. Bd3 Bb7 12. Qc2 Rb8 13. Rfe1 Re8 14. e4 Na7 15.
e5 Nd5 16. Bxh7+ Kf8 17. Be4 Nxc3 18. Qxc3 Bxe4 19. Rxe4 Rc8 20. Qc5+ Re7 21.
Rh4 Kg8 22. Qxa7 c5 23. Qxa6 cxd4 24. Qxb5 Rec7 25. h3 Rd7 26. Qd3 g6 27. Rxd4
Rcc7 28. Rd1 Rxd4 29. Qxd4 Qxd4 30. Nxd4 Rb7 31. b4 Kf8 32. Rd3 Ke7 33. Nc6+
Ke8 34. Rd8# 1-0

[Event "ODEM U25B 2012"]
[Site "Oberhof GER"]
[Date "2012.05.28"]
[Round "3"]
[White "Weiten, Anna"]
[Black "Focke, Adrian"]
[Result "0-1"]
[Termination "normal"]
[Board "20"]
[WhiteElo "1008"]
[BlackElo "1312"]
[PlyCount "50"]
[WhiteFideId "12938203"]
[BlackFideId "12969869"]
[EventCountry "GER"]
[EventRounds "9"]
[EventType "swiss"]
[EventDate "2012.05.26"]

1. e4 e5 2. Nf3 Nc6 3. Nc3 Nf6 4. d4 exd4 5. Nxd4 Bc5 6. Be3 Bb6 7. Bc4 O-O 8.
O-O Re8 9. Nxc6 bxc6 10. Bd3 Bxe3 11. fxe3 d6 12. Qf3 Bd7 13. Rad1 Bg4 14. Qg3
Bxd1 15. Rxd1 Qd7 16. Rf1 Qg4 17. Qxg4 Nxg4 18. Re1 Rab8 19. b3 Rbd8 20. a3 d5
21. exd5 cxd5 22. e4 dxe4 23. Nxe4 f5 24. Bc4+ Kh8 25. h3 Nh6 0-1

[Event "ODEM U25B 2012"]
[Site "Oberhof GER"]
[Date "2012.05.28"]
[Round "3"]
[White "Granzin, David"]
[Black "Zyla, Lennert"]
[Result "0-1"]
[Termination "normal"]
[Board "21"]
[WhiteElo "1289"]
[BlackElo "1048"]
[PlyCount "52"]
[WhiteFideId "12922145"]
[BlackFideId "12981567"]
[EventCountry "GER"]
[EventRounds "9"]
[EventType "swiss"]
[EventDate "2012.05.26"]

1. e4 Nc6 2. d4 e5 3. Nf3 exd4 4. Nxd4 Qh4 5. Nc3 Bb4 6. Qd3 Nf6 7. Ndb5 Ba5 8.
Bd2 Nb4 9. Qc4 Nxc2+ 10. Kd1 Nxa1 11. g3 Qh5+ 12. Be2 Qg6 13. Nxc7+ Bxc7 14.
Qxc7 O-O 15. Qc4 Re8 16. Bf3 Ng4 17. Qe2 d6 18. h3 Nf6 19. h4 h6 20. h5 Qh7 21.
Bf4 d5 22. e5 Nd7 23. Nxd5 Qb1+ 24. Bc1 Rxe5 25. Qd2 Qxa2 26. Re1 Qb3+ 0-1

[Event "ODEM U25B 2012"]
[Site "Oberhof GER"]
[Date "2012.05.28"]
[Round "3"]
[White "Acikel, Mert"]
[Black "Schier, Lukas"]
[Result "0-1"]
[Termination "normal"]
[Board "22"]
[WhiteElo "970"]
[BlackElo "1272"]
[PlyCount "122"]
[WhiteFideId "12956465"]
[EventCountry "GER"]
[EventRounds "9"]
[EventType "swiss"]
[EventDate "2012.05.26"]

1. d4 d5 2. c4 e6 3. Nc3 Nf6 4. Bg5 Be7 5. e3 O-O 6. Bd3 Nc6 7. Qc2 Nb4 8. Qe2
Nxd3+ 9. Qxd3 b6 10. Nge2 Ba6 11. b3 dxc4 12. bxc4 c5 13. O-O cxd4 14. exd4 Rc8
15. Nb5 Qd7 16. Rab1 Qb7 17. Bxf6 Bxf6 18. Nd6 Qc6 19. Nxc8 Rxc8 20. Qe3 Qxc4
21. Rbc1 Qd5 22. Rxc8+ Bxc8 23. Rc1 Bb7 24. f3 Qxa2 25. Qf4 h6 26. Qb8+ Kh7 27.
Qxb7 Qxe2 28. Qe4+ Qxe4 29. fxe4 Bxd4+ 30. Kf1 a5 31. Ke2 Kg6 32. Kd3 Bc5 33.
Rf1 a4 34. Kc4 a3 35. Kb3 f6 36. Rf3 Kf7 37. e5 f5 38. g4 g6 39. h4 b5 40. h5
b4 41. gxf5 gxf5 42. Rf1 Bd4 43. Rd1 Bxe5 44. Rd7+ Kf6 45. Ra7 Bd6 46. Ra6 Be7
47. Ra5 f4 48. Ra8 e5 49. Rc8 Kg5 50. Rg8+ Kxh5 51. Rg2 f3 52. Rg7 Bg5 53. Rd7
Kg4 54. Rd1 Kg3 55. Rg1+ Kh2 56. Rxg5 hxg5 57. Kxb4 f2 58. Kc5 f1=Q 59. Kb6 Qc4
60. Ka7 Qb5 61. Ka8 a2 0-1

[Event "ODEM U25B 2012"]
[Site "Oberhof GER"]
[Date "2012.05.28"]
[Round "3"]
[White "Dittrich, Tom"]
[Black "Schulze, Lara"]
[Result "1-0"]
[Termination "normal"]
[Board "23"]
[WhiteElo "1627"]
[BlackElo "994"]
[PlyCount "145"]
[WhiteFideId "12923532"]
[BlackFideId "12956830"]
[EventCountry "GER"]
[EventRounds "9"]
[EventType "swiss"]
[EventDate "2012.05.26"]

1. e4 c6 2. d4 d5 3. exd5 cxd5 4. Bd3 Nf6 5. c3 Nc6 6. Bf4 e6 7. Nf3 Nh5 8. Be3
Bd6 9. Nbd2 O-O 10. O-O h6 11. Re1 f5 12. Nb3 Qf6 13. Bd2 g5 14. Nxg5 hxg5 15.
Qxh5 g4 16. Qg5+ Kf7 17. Qxf6+ Kxf6 18. Rac1 Rh8 19. g3 Bd7 20. Kg2 e5 21.
dxe5+ Nxe5 22. Be2 Rh7 23. Bf4 Rah8 24. Bxe5+ Bxe5 25. Rh1 Bc6 26. Na5 Kg5 27.
Nxc6 bxc6 28. Rce1 Bd6 29. Bd1 f4 30. Re6 f3+ 31. Kg1 Rb8 32. Rxd6 Rxb2 33. Re6
Rb1 34. Re1 Re7 35. Kf1 Rxe1+ 36. Kxe1 Rb2 37. h3 Rxa2 38. hxg4 Kxg4 39. Rh4+
Kg5 40. Bxf3 a5 41. Bd1 Ra3 42. c4 Rd3 43. cxd5 cxd5 44. Ra4 d4 45. Rxa5+ Kf6
46. Ke2 Rc3 47. Rd5 Rc4 48. Kd3 Rc1 49. Be2 Re1 50. Rxd4 Rxe2 51. Kxe2 Ke5 52.
Ke3 Kf5 53. Rh4 Kg5 54. Kf3 Kf5 55. Rh5+ Kg6 56. Ra5 Kf6 57. Ke4 Kg6 58. Kf4
Kh6 59. Kg4 Kg7 60. Ra6 Kf7 61. Kf5 Ke7 62. Ke5 Kf7 63. f3 Kg7 64. Kf5 Kh7 65.
Kg5 Kg7 66. Ra7+ Kf8 67. Kf6 Ke8 68. Rh7 Kd8 69. Ke6 Kc8 70. Kd6 Kb8 71. Kc6
Ka8 72. Kb6 Kb8 73. Rh8# 1-0

[Event "ODEM U25B 2012"]
[Site "Oberhof GER"]
[Date "2012.05.28"]
[Round "3"]
[White "Suvorov, Alexander"]
[Black "Wiemann, Daniel"]
[Result "1-0"]
[Termination "normal"]
[Board "24"]
[WhiteElo "1223"]
[BlackElo "963"]
[PlyCount "79"]
[WhiteFideId "12977063"]
[BlackFideId "12942944"]
[EventCountry "GER"]
[EventRounds "9"]
[EventType "swiss"]
[EventDate "2012.05.26"]

1. d4 Nf6 2. Nf3 d5 3. c4 e6 4. Nc3 Bb4 5. Qa4+ Nc6 6. Ne5 Bxc3+ 7. bxc3 Bd7 8.
Nxd7 Qxd7 9. Ba3 Ne4 10. Qc2 Na5 11. cxd5 exd5 12. e3 f5 13. f3 Nf6 14. Kf2
O-O-O 15. Bd3 g6 16. c4 dxc4 17. Bxc4 Nxc4 18. Qxc4 Qd5 19. Qa4 a6 20. Be7 Nd7
21. Bxd8 Rxd8 22. Rhe1 Nb6 23. Qb4 Re8 24. Kg1 Nc4 25. Qc3 b5 26. a4 Kd7 27.
axb5 axb5 28. Rad1 Kd6 29. Qd3 Nb2 30. Qa3+ Kd7 31. Qxb2 Kc8 32. e4 fxe4 33.
fxe4 Rxe4 34. Rxe4 Qxe4 35. Qxb5 Qe3+ 36. Kh1 Qc3 37. Qe8+ Kb7 38. Rb1+ Ka7 39.
Qa4+ Qa5 40. Qxa5# 1-0

[Event "ODEM U25B 2012"]
[Site "Oberhof GER"]
[Date "2012.05.28"]
[Round "3"]
[White "Silber, Kevin"]
[Black "Niewrzol, Anton"]
[Result "1-0"]
[Termination "normal"]
[Board "26"]
[WhiteElo "1196"]
[BlackElo "896"]
[PlyCount "35"]
[WhiteFideId "12930440"]
[EventCountry "GER"]
[EventRounds "9"]
[EventType "swiss"]
[EventDate "2012.05.26"]

1. e4 e5 2. Nf3 Nc6 3. Bc4 Nf6 4. d3 Be7 5. Nc3 d6 6. Be3 Bg4 7. h3 Be6 8. Nd5
Bxd5 9. exd5 Nb4 10. c3 Nbxd5 11. Qb3 c6 12. Qxb7 Nxe3 13. Qxc6+ Nd7 14. fxe3
O-O 15. Bb5 Bh4+ 16. Ke2 a6 17. Bxa6 Nc5 18. Bb5 1-0

[Event "ODEM U25B 2012"]
[Site "Oberhof GER"]
[Date "2012.05.28"]
[Round "3"]
[White "Tsoumanis, Neoptolemos"]
[Black "Kluge, Helene"]
[Result "1-0"]
[Termination "normal"]
[Board "27"]
[WhiteElo "1181"]
[BlackElo "827"]
[PlyCount "111"]
[BlackFideId "12983179"]
[EventCountry "GER"]
[EventRounds "9"]
[EventType "swiss"]
[EventDate "2012.05.26"]

1. e4 e5 2. Nf3 Nc6 3. Nc3 Bc5 4. Nxe5 Bxf2+ 5. Kxf2 Nxe5 6. d4 Nc6 7. Be3 Nf6
8. Qf3 d6 9. h3 Bd7 10. Bc4 Qe7 11. Rhf1 O-O-O 12. Kg1 Be6 13. d5 Ne5 14. Qe2
Bd7 15. Nb5 Bxb5 16. Bxb5 Nxe4 17. Bf4 Nc5 18. b4 Ncd7 19. Rfe1 Qf6 20. Rf1
Rde8 21. Rae1 Rhf8 22. Bxe5 Qxe5 23. Bxd7+ Kd8 24. Bxe8 Qxe2 25. Rxe2 Rxe8 26.
Rxe8+ Kxe8 27. Re1+ Kd7 28. Re4 f5 29. Re6 c6 30. c4 b5 31. cxb5 cxd5 32. Re2
g6 33. Kf2 d4 34. g3 d3 35. Re3 d2 36. Ke2 g5 37. Kxd2 f4 38. gxf4 gxf4 39. Re1
Kc7 40. a4 Kb6 41. Re6 Kc7 42. Ke2 d5 43. Kf3 Kd7 44. Re1 Kd6 45. Kxf4 h5 46.
Re5 h4 47. Rf5 Ke6 48. Rh5 d4 49. Ke4 Kf6 50. Kxd4 Kg6 51. Rxh4 Kg5 52. Re4 Kf6
53. a5 Kf5 54. b6 axb6 55. axb6 Kf6 56. b7 1-0

[Event "ODEM U25B 2012"]
[Site "Oberhof GER"]
[Date "2012.05.28"]
[Round "3"]
[White "Bick, Lennard"]
[Black "Bossert, Moritz"]
[Result "1-0"]
[Termination "normal"]
[Board "28"]
[WhiteElo "1169"]
[BlackElo "787"]
[PlyCount "51"]
[BlackFideId "16239946"]
[EventCountry "GER"]
[EventRounds "9"]
[EventType "swiss"]
[EventDate "2012.05.26"]

1. e4 e6 2. d4 d5 3. exd5 exd5 4. Nf3 Bd6 5. Nc3 Qe7+ 6. Qe2 Qxe2+ 7. Bxe2 Nf6
8. Bg5 Nbd7 9. O-O O-O 10. Nb5 c6 11. Nxd6 h6 12. Bxf6 Nxf6 13. Nxc8 Re8 14.
Rfe1 Raxc8 15. Bd3 Rxe1+ 16. Rxe1 Re8 17. Rxe8+ Nxe8 18. Ne5 f6 19. Ng6 Kh7 20.
h4 Nd6 21. a4 Ne4 22. Ne7 g5 23. f3 gxh4 24. fxe4 Kg7 25. exd5 cxd5 26. Nxd5
1-0